000 00680nam a2200229Ia 4500
001 19376
003 GE_BSU
008 181216s||||||||xx |||||||||||||| ||und||
040 _cGE_BSU
080 _a624.01
100 _aЗайцев Ю.В.Промыслов,Ю.В
245 _aСтроительные конструкции
245 _bУче. для техникумов
245 _cРед:З.С.Шестоопалова
260 _aМосква
260 _bСтройиздат
260 _c1985
300 _a279стр,ил,таб,22см
653 _aСтроительные конструкции
653 _aინჟინერია
942 _cBK
999 _c52356
_d52356